Paraguay-Bolivia: aspectos de la guerra del Chaco
Wedi'i Gadw mewn:
| Fformat: | Llyfr |
|---|---|
| Iaith: | Sbaeneg |
| Cyhoeddwyd: |
Asunción
Servicio de Información Propaganda del Ministerio de la Defensa Nacional
1934
|
| Pynciau: | |
| Tagiau: |
Ychwanegu Tag
Dim Tagiau, Byddwch y cyntaf i dagio'r cofnod hwn!
|
MARC
| LEADER | 00000nam a2200000 a 4500 | ||
|---|---|---|---|
| 001 | UCO3822 | ||
| 003 | CL-VaPUC | ||
| 008 | 000720e19340000PY |||||||||||||||||spa|d | ||
| 082 | 0 | 4 | |a 989.20716 |b PAR |2 21 |
| 245 | 1 | 0 | |a Paraguay-Bolivia: aspectos de la guerra del Chaco |
| 300 | |a 38 p | ||
| 942 | |c BK | ||
| 945 | |d 20000720 00:00:00 |a crobeson | ||
| 260 | |a Asunción |b Servicio de Información Propaganda del Ministerio de la Defensa Nacional |c 1934 | ||
| 650 | 7 | |a HISTORIA DE PARAGUAY |2 CL-VaPUC |9 447786 | |
| 650 | 7 | |a GUERRA DEL CHACO |2 CL-VaPUC |9 436286 | |
| 651 | 0 | |a Paraguay |9 255336 | |
| 651 | 0 | |a Bolivia |9 255454 | |
| 583 | |a last modification |c 20000720 00:00:00 |k Rodrigo Vera | ||
| 999 | |c 289953 |d 289951 | ||
| 952 | |0 0 |1 0 |4 0 |6 989_207160000000000_PAR_1934 |7 0 |8 X |9 338940 |a BIBHIS |b BIBHIS |d 2019-11-20 |i 1201646 |o 989.20716 PAR 1934 |p 1201646 |r 2024-01-30 |w 2019-11-20 |y BK_X |k HIS | ||